000 004470000a22001690004500
041 0 _aSPA
082 0 4 _aG 266 M1524j
100 1 _aMcIntosh B., Estuardo
245 1 0 _aIntroducción a la misiología latinoamericana / Estuardo McIntosh B.
260 _aLima, Perú : Pusel
300 _a122 Pag
001 7272
942 _cBK
999 _c37488
_d37488
336 _atexto
_btxt
_2rdacontent
337 _2rdamedia
_asin mediación
_bn
338 _2rdacarrier
_avolumen
_bnc